[Event "Titled Tuesday intern op 16th Apr Late"]
[Site "Chess.com INT"]
[Date "2024.04.16"]
[Round "8"]
[White "Achuthan, Aryan"]
[Black "Smieszek, Wojciech"]
[Result "1-0"]
[WhiteElo "2038"]
[BlackElo "2127"]
[PlyCount "55"]
[EventDate "2024.04.16"]
[EventType "swiss (blitz)"]
[EventRounds "11"]
[EventCountry "USA"]
[SourceTitle "CB17_2024"]
[SourceDate "2024.04.24"]
[SourceVersion "1"]
[SourceVersionDate "2024.04.24"]
[SourceQuality "1"]

1. d4 Nf6 2. c4 c5 3. d5 e6 4. Nc3 exd5 5. cxd5 d6 6. e4 g6 7. f3 Bg7 8. Nge2 0-0 9. Ng3 Re8 10. Be2 a6 11. a4 Nbd7 12. 0-0 Rb8 13. Be3 Ne5 14. h3 c4 15. a5 Nfd7 16. f4 Nd3 17. Bxd3 cxd3 18. Qxd3 Qh4 19. Kh2 g5 20. Nf5 Nc5 21. Bxc5 Bxf5 22. Bf2 Qxf4+ 23. Bg3 Bxe4 24. Qc4 Rbc8 25. Qb4 Qe3 26. Rae1 Bxc3 27. bxc3 Qxc3 28. Rxe4 1-0

[Event "Titled Tuesday intern op 16th Apr Late"]
[Site "Chess.com INT"]
[Date "2024.04.16"]
[Round "9"]
[White "Yedidia, Jonathan"]
[Black "Achuthan, Aryan"]
[Result "1-0"]
[WhiteElo "2361"]
[BlackElo "2038"]
[PlyCount "45"]
[EventDate "2024.04.16"]
[EventType "swiss (blitz)"]
[EventRounds "11"]
[EventCountry "USA"]
[SourceTitle "CB17_2024"]
[SourceDate "2024.04.24"]
[SourceVersion "1"]
[SourceVersionDate "2024.04.24"]
[SourceQuality "1"]

1. e4 e5 2. Nf3 Nc6 3. d3 Nf6 4. g3 Bc5 5. Bg2 d6 6. 0-0 0-0 7. Nc3 a6 8. h3 Be6 9. Kh2 d5 10. Ng5 dxe4 11. Nxe6 fxe6 12. Nxe4 Nxe4 13. Bxe4 Rxf2+ 14. Rxf2 Bxf2 15. Qh5 h6 16. Bxh6 gxh6 17. Qg6+ Kf8 18. Rf1 Ke7 19. Rxf2 Qg8 20. Qxh6 Kd6 21. Rf6 Re8 22. Bf5 Nd4 23. Bg4 1-0

[Event "Sunnyvale 1000 GM Winter 12"]
[Site "Sunnyvale"]
[Date "2023.12.28"]
[Round "4"]
[White "Achuthan, Aryan"]
[Black "Lou, Yiping"]
[Result "0-1"]
[WhiteElo "1947"]
[BlackElo "2454"]
[PlyCount "82"]
[EventDate "2023.12.26"]
[EventType "schev"]
[EventRounds "9"]
[EventCountry "USA"]
[SourceTitle "CB01_2024"]
[SourceDate "2024.01.03"]
[SourceVersion "1"]
[SourceVersionDate "2024.01.03"]
[SourceQuality "1"]

1. d4 Nf6 2. c4 e6 3. Nc3 Bb4 4. Qc2 d5 5. cxd5 exd5 6. a3 Bxc3+ 7. Qxc3 Ne4 8. Qc2 0-0 9. Nf3 Bf5 10. Qd1 c5 11. e3 Nc6 12. Be2 c4 13. 0-0 Na5 14. a4 Rc8 15. Bd2 Nb3 16. Ra3 Qe7 17. Be1 Rfe8 18. h3 h6 19. Kh1 Ng5 20. Nxg5 hxg5 21. Bc3 Qe6 22. Kg1 Qg6 23. Qe1 b6 24. a5 b5 25. Rxb3 cxb3 26. Bxb5 Bd3 27. Bxd3 Qxd3 28. Qb1 Qb5 29. Rd1 Qd7 30. Qd3 g4 31. hxg4 Qxg4 32. Re1 Re6 33. Qd1 Qh4 34. Qxb3 Rh6 35. f3 Qg3 36. Rf1 Rcc6 37. Be1 Qc7 38. f4 Qe7 39. Bf2 Rh5 40. Bg3 Qe4 41. Qd1 Qh7 0-1

[Event "Titled Tuesday intern op 29th Aug Late"]
[Site "Chess.com INT"]
[Date "2023.08.29"]
[Round "10"]
[White "Achuthan, Aryan"]
[Black "Demina, Marya"]
[Result "0-1"]
[WhiteElo "1852"]
[BlackElo "1936"]
[PlyCount "94"]
[EventDate "2023.08.29"]
[EventType "swiss (blitz)"]
[EventRounds "11"]
[EventCountry "USA"]
[SourceTitle "EXT 2024"]
[Source "ChessBase"]
[SourceDate "2023.10.10"]
[SourceVersion "1"]
[SourceVersionDate "2023.10.10"]
[SourceQuality "1"]

1. d4 Nf6 2. c4 c5 3. d5 b5 4. cxb5 a6 5. bxa6 Bxa6 6. Nc3 d6 7. Nf3 g6 8. g3 Bg7 9. Bg2 0-0 10. 0-0 Nbd7 11. Bg5 Qa5 12. Bd2 Rfb8 13. Rb1 Ra7 14. b3 Ne8 15. Qc2 Nc7 16. a4 Qb6 17. Rfc1 Bxc3 18. Bxc3 Nxd5 19. Ba1 Nb4 20. Qd2 e6 21. Rd1 d5 22. Qh6 e5 23. Nxe5 Nxe5 24. Bxe5 f6 25. Bc3 Qe6 26. Bxb4 Qxe2 27. Bxd5+ Kh8 28. Bxc5 Rg7 29. Bc4 Bxc4 30. bxc4 Re8 31. Re1 Qxe1+ 32. Rxe1 Rxe1+ 33. Kg2 Kg8 34. Bd4 Rf7 35. Qd2 Re6 36. Bc3 Rc6 37. Qd8+ Kg7 38. Qd5 Rfc7 39. Qd4 Kh6 40. Qh4+ Kg7 41. g4 h6 42. Bd4 g5 43. Qg3 Rxc4 44. Qe3 Rd7 45. Qe4 Rcxd4 46. Qf5 R4d5 47. h3 Rxf5 0-1